Flags of the Countries in the Middle East - Statistics

General Stats
  • This quiz has been taken 77 times
  • The average score is 13 of 14
Answer Stats
Picture Answer % Correct
Iran
100%
Iraq
100%
Syria
100%
Israel
98%
Lebanon
98%
Saudi Arabia
98%
Kuwait
95%
Yemen
95%
Oman
93%
Qatar
93%
Cyprus
91%
Jordan
91%
United Arab Emirates
91%
Bahrain
90%
No matching quizzes found
Score Distribution
Percent of People with Each Score
Percentile by Number Answered
Your Score History
You have not taken this quiz